000 00872cam a2200229 a 4500
001 000001903
005 20200929145742.0
008 760609s1979 mx b 001 f spa
040 _aDO-SdBNP
_bspa
_cBNPHU
082 _a813.54
_bH745r
100 1 _aHollowell, John,
_d1945-
_96201
240 0 _aFact & fiction: the new journalism and the fition novel
_lEspañol
245 1 0 _aRealidad o ficción :
_bel nuevo periodismo y la novela de no ficción /
_cJohn Hollowell ; traducción Ma. Elísa Moreno.
260 _aMéxico :
_bNoema,
_c1979.
300 _a239 p. ;
_c22 cm.
500 _aTítulo original en inglés.
590 _aPerteneció a la biblioteca personal de Juan Isidro Jimenes Grullón.
650 4 _aNovela estadounidense
_9262
650 4 _aLiteratura estadounidense
_9263
700 1 _aMoreno, Ma. Elisa
_etr.
_96202
910 _acontrol de calidad Mfileto
999 _c1774
_d1774